000 01048cam a2200157 4500500
005 20251228051328.0
041 _afre
042 _adc
100 1 0 _aLabey, Gildas
_eauthor
245 0 0 _aAbdennour Bidar, Histoire de l’humanisme en Occident. Armand Colin, 2014, 287 pages, 25 €
260 _c2014.
500 _a57
520 _aIl existe un lien privilégié entre Les Écritures et l’écriture, entre le christianisme, la littérature et la poésie. En régime chrétien, La Nouvelle traduction de la Bible (Bayard 2001) est le dernier chantier d’envergure innovateur d’un point de vue biblique et littéraire. Comment ce travail a-t-il contribué à féconder les œuvres d’une génération d’écrivains comme Valère Novarina et Frédéric Boyer ? Une nouvelle vitalité du christianisme peut-elle advenir du côté de la littérature contemporaine ?
786 0 _nÉtudes | javier | 1 | 2014-12-11 | p. XI-XI | 0014-1941
856 4 1 _uhttps://shs.cairn.info/revue-etudes-2015-1-page-XI?lang=fr&redirect-ssocas=7080
999 _c1581668
_d1581668